O Carvalho e o Bezerro (Record no. 46290)
[ view plain ]
| 000 -Etiqueta do registo | |
|---|---|
| Valores | 00666cam a22002051 4500 |
| 100 ## - Dados gerais de processamento | |
| Dados gerais | 19761201d1976 em y0pory5003 ba |
| 101 1# - Língua de publicação | |
| Língua | por |
| 102 ## - País de publicação | |
| País | PT |
| 200 1# - Titulo e menção de responsabilidade | |
| Título próprio | O Carvalho e o Bezerro |
| Informação de outro título | esboços da vida literária |
| Primeira menção de responsabilidade | Alexander Isalevitch Soljenitsine |
| Outras menções de responsabilidade | trad. Octávio Mendes Cajado |
| -- | rev. Ayala Monteiro |
| 210 #9 - Publicação | |
| Local de publicação | Amadora |
| Nome do editor | Bertrand, |
| Data de publicação | 1976 |
| 215 ## - Descrição física | |
| Paginação / Volumes | 591, [2] p. |
| Dimensões | 22 cm |
| 225 2# - Colecção | |
| Título próprio da colecção | Documentos de todos os tempos |
| 675 ## - CDU | |
| Notação | 821.161.1-9 |
| 700 #1 - Autor principal | |
| Apelido | Solzhenitsyn, |
| Nome | Alexander, |
| Datas | 1918-2008 |
| 702 #1 - Autor secundário | |
| Apelido | Cajado, |
| Nome | Octávio Mendes, |
| Datas | 1915- |
| Função | 730 |
| 702 #1 - Autor secundário | |
| Apelido | Monteiro, |
| Nome | Ayala, |
| Datas | 1957- |
| Função | 640 |
| 801 #0 - Fonte de origem | |
| País | PT |
| Agência | BN |
| Regras de catalogação | RPC |
| 990 ## - Elementos KOHA | |
| Tipo de documento | Livro |
| Aquisição | Empréstimo | Código de barras | Cota | Permissão de empréstimo | Tipo de documento | Nota relativa ao exemplar |
|---|---|---|---|---|---|---|
| Biblioteca Municipal de Redondo | Biblioteca Municipal de Redondo | 057404 | 821.161.1-9 SOL | Livro | oferta de Franklim Amaro Cabreirinha |